[Event "TCh-TUR Super League 2014"]
[Site "Kocaeli TUR"]
[Date "2014.08.20"]
[Round "3.2"]
[Board "5"]
[White "Burcu, Cagatay"]
[Black "Gulbas, Cemil"]
[Result "1-0"]
[BlackTitle "IM"]
[WhiteElo "2099"]
[BlackElo "2365"]
[WhiteTeam "Antalya Calli Spor Kulubu"]
[BlackTeam "Hatay Buyuksehir Belediye Genclik VE Spor Kulubu"]
[WhiteFideId "6310630"]
[BlackFideId "201820"]
[EventDate "2014.08.18"]

1. d4 d5 2. Nf3 Nf6 3. e3 Bg4 4. c4 Bxf3 5. Qxf3 e6 6. Nc3 c6 7. Bd3 Nbd7 8. O-O
dxc4 9. Bxc4 Bd6 10. e4 e5 11. d5 O-O 12. dxc6 bxc6 13. Rd1 Be7 14. Ne2 Qc7 15.
Ng3 Nb6 16. Bb3 Rad8 17. Bg5 Rxd1+ 18. Rxd1 Ne8 19. Qg4 Kh8 20. h4 h6 21. Nf5
Nf6 22. Bxf6 Bxf6 23. Rd6 Rg8 24. Qh5 1-0

[Event "TCh-TUR Super League 2014"]
[Site "Kocaeli TUR"]
[Date "2014.08.20"]
[Round "3.2"]
[Board "6"]
[White "Batsiashvili, Nino"]
[Black "Mammadova, Gulnar"]
[Result "1-0"]
[WhiteTitle "IM"]
[BlackTitle "WGM"]
[WhiteElo "2435"]
[BlackElo "2334"]
[WhiteTeam "Hatay Buyuksehir Belediye Genclik VE Spor Kulubu"]
[BlackTeam "Antalya Calli Spor Kulubu"]
[WhiteFideId "13602993"]
[BlackFideId "13403508"]
[EventDate "2014.08.18"]

1. d4 d5 2. c4 c6 3. Nf3 Nf6 4. e3 e6 5. b3 Bb4+ 6. Nbd2 Ne4 7. Bd3 f5 8. O-O
O-O 9. Bb2 Nd7 10. a3 Bc3 11. Bxc3 Nxc3 12. Qc2 Ne4 13. b4 Qe7 14. Ne5 Nxe5 15.
dxe5 Bd7 16. Nb3 Be8 17. f3 Ng5 18. Nd4 Bd7 19. g3 a5 20. f4 Nf7 21. cxd5 cxd5
22. Qd2 Nd8 23. bxa5 Nc6 24. Nb3 Qd8 25. Rfb1 Bc8 26. Nc5 Nxa5 27. Qb4 Nc6 28.
Qb6 d4 29. e4 fxe4 30. Qxd8 Rxd8 31. Nxe4 Na5 32. Nd6 Ra7 33. Be4 Bd7 34. Bxb7
d3 35. Bf3 Ba4 36. Bd1 Bc2 37. Rb2 Rc7 38. Bxc2 dxc2 39. Rc1 Nb7 40. Rbxc2 Rxc2
41. Rxc2 Nxd6 42. exd6 Rxd6 43. Ra2 Kf7 44. Kf2 e5 45. Ke3 exf4+ 46. Kxf4 Ke6
47. a4 Kd7 48. Ke5 Rg6 49. a5 Kc7 50. a6 Kb8 51. a7+ Ka8 52. Ra4 h6 53. Ra3 Rb6
54. h3 Rg6 55. g4 h5 56. Kf5 Rf6+ 57. Kg5 hxg4 58. hxg4 Rb6 59. Ra4 Rc6 60. Rf4
Kxa7 61. Rf7+ Kb8 62. Rxg7 Kc8 63. Rg6 Rc5+ 64. Kf6 Kd7 65. Rg7+ Ke8 66. Rg8+
Kd7 67. g5 Rc1 68. Ra8 Rf1+ 69. Kg7 Rg1 70. g6 Ke6 71. Ra6+ Ke7 72. Ra2 Re1 73.
Rf2 Re3 74. Kg8 Rg3 75. g7 Re3 76. Rh2 1-0

[Event "TCh-TUR Super League 2014"]
[Site "Kocaeli TUR"]
[Date "2014.08.20"]
[Round "3.2"]
[Board "7"]
[White "Sipahioglu, Irmak"]
[Black "Buyukasik, Diyap"]
[Result "1/2-1/2"]
[WhiteElo "2133"]
[BlackElo "2165"]
[WhiteTeam "Antalya Calli Spor Kulubu"]
[BlackTeam "Hatay Buyuksehir Belediye Genclik VE Spor Kulubu"]
[WhiteFideId "6307205"]
[BlackFideId "6319602"]
[EventDate "2014.08.18"]

1. d4 Nf6 2. c4 g6 3. Nc3 d5 4. Nf3 Bg7 5. Bg5 Ne4 6. cxd5 Nxg5 7. Nxg5 e6 8.
Nf3 exd5 9. e3 O-O 10. Be2 c6 11. O-O Nd7 12. b4 Nf6 13. Rc1 Ne4 14. Nd2 Nxd2
15. Qxd2 a6 16. Na4 f5 17. g3 g5 18. f4 Qe7 19. Nc5 Re8 20. Kf2 gxf4 21. gxf4
Bf6 22. Rg1+ Kh8 23. Bh5 Bh4+ 24. Ke2 Rf8 25. Nd3 Be6 26. Rg2 Bf6 27. Bf3 Bf7
28. Kf2 Rg8 29. Rxg8+ Rxg8 30. a4 Bh4+ 31. Kf1 Be8 32. Ne5 Bf6 33. Nd3 Qg7 34.
Ke2 Qh6 35. Kd1 Bh5 36. Bxh5 Qxh5+ 37. Kc2 Qh3 38. Re1 Rg2 39. Re2 Rg1 40. Re1
Rg8 41. Kb3 Bh4 42. Re2 Qf1 43. a5 Rg1 44. Qc2 Be7 1/2-1/2

[Event "TCh-TUR Super League 2014"]
[Site "Kocaeli TUR"]
[Date "2014.08.20"]
[Round "3.2"]
[Board "8"]
[White "Abdimanoglu, Beste Basak"]
[Black "Durmaz, Ayca Fatma"]
[Result "1-0"]
[BlackTitle "WCM"]
[WhiteElo "1872"]
[BlackElo "1867"]
[WhiteTeam "Hatay Buyuksehir Belediye Genclik VE Spor Kulubu"]
[BlackTeam "Antalya Calli Spor Kulubu"]
[WhiteFideId "6300286"]
[BlackFideId "6317855"]
[EventDate "2014.08.18"]

1. d4 Nf6 2. c4 g6 3. Nc3 Bg7 4. Nf3 O-O 5. Bg5 d6 6. e3 Nbd7 7. Qc2 c6 8. Be2
h6 9. Bh4 Qe8 10. b4 e5 11. Rd1 Nb6 12. O-O Bf5 13. Qc1 e4 14. Nd2 d5 15. c5
Nbd7 16. b5 Be6 17. Nb3 Nh7 18. Na5 Qc8 19. Qa3 f5 20. Bg3 Nb8 21. Bd6 Rf7 22.
Rb1 Bd7 23. Nxb7 cxb5 24. Na5 a6 25. Nxd5 Bf8 26. Nb6 1-0

[Event "TCh-TUR Super League 2014"]
[Site "Kocaeli TUR"]
[Date "2014.08.20"]
[Round "3.2"]
[Board "9"]
[White "Tasdogen, Dincer"]
[Black "Temizkan, Denizcan"]
[Result "1-0"]
[BlackTitle "CM"]
[WhiteElo "1797"]
[BlackElo "1972"]
[WhiteTeam "Antalya Calli Spor Kulubu"]
[BlackTeam "Hatay Buyuksehir Belediye Genclik VE Spor Kulubu"]
[WhiteFideId "6367097"]
[BlackFideId "6325157"]
[EventDate "2014.08.18"]

1. e4 e5 2. Nf3 Nc6 3. Nc3 Nf6 4. Bb5 Bb4 5. O-O O-O 6. d3 d6 7. Bg5 Bxc3 8.
bxc3 Qe7 9. Re1 Nd8 10. d4 Ne6 11. Bc1 Rd8 12. a4 c5 13. Bc4 h6 14. Bd5 cxd4 15.
cxd4 Nxd4 16. Nxd4 exd4 17. Bb3 Qe5 18. f4 Qc5 19. Ba3 Qc3 20. Rb1 Bg4 21. Qd3
d5 22. Qxc3 dxc3 23. Be7 Nxe4 24. Bxd8 Rxd8 25. Ba2 Rd7 26. Bxd5 Nd2 27. Rb5 a6
28. Rc5 b6 29. Rc8+ Kh7 30. Ba2 Rd4 31. Rxc3 Rxa4 32. Bxf7 Rxf4 33. Bd5 b5 34.
Ra3 Rd4 35. Bb7 b4 36. Rxa6 Bf5 37. Rc6 Nc4 38. Ba6 Na3 39. c3 Rg4 40. cxb4 Nc2
41. Re5 Nxb4 42. Rb6 Nxa6 43. Rxa6 Be4 44. g3 Bb7 45. Ra7 Bc6 46. Ree7 Rg5 47.
Rac7 Bf3 48. Kf2 Bg4 49. Ke3 Bh3 50. Ke4 Bg2+ 51. Kf4 Bh3 52. Rf7 Be6 53. h4
Rg4+ 54. Kf3 Rg6 55. Rfe7 Bh3 56. Kf4 Rg4+ 57. Kf3 Rg6 58. Rf7 Be6 59. Rf8 Bd5+
60. Kf2 Rg4 61. Rcc8 Kg6 62. Rc5 Be6 63. h5+ Kh7 64. Re5 Bd7 65. Rd5 Be6 66.
Rdd8 g6 67. Rfe8 1-0

[Event "TCh-TUR Super League 2014"]
[Site "Kocaeli TUR"]
[Date "2014.08.20"]
[Round "32"]
[Board "10"]
[White "Keskin, Suara"]
[Black "Altinoz, Fevziye Ece"]
[Result "1/2-1/2"]
[WhiteElo "1674"]
[BlackElo "1488"]
[WhiteTeam "Hatay Buyuksehir Belediye Genclik VE Spor Kulubu"]
[BlackTeam "Antalya Calli Spor Kulubu"]
[WhiteFideId "6332650"]
[BlackFideId "6358942"]
[EventDate "2014.08.18"]

1. d4 Nf6 2. Bf4 g6 3. Nf3 Bg7 4. e3 O-O 5. Be2 d6 6. h3 Nbd7 7. O-O b6 8. Nbd2
Bb7 9. c3 Qe8 10. Bh2 e5 11. dxe5 dxe5 12. Bc4 Rd8 13. Qc2 Qe7 14. Rfd1 Kh8 15.
b4 Ne8 16. Rac1 Nd6 17. Bb3 f5 18. Bg3 Bf6 19. Nc4 Nxc4 20. Bxc4 Bxf3 21. gxf3
Bh4 22. Bb5 Bxg3 23. fxg3 f4 24. exf4 exf4 25. Rxd7 Rxd7 26. Bxd7 Qxd7 27. g4
Qe7 28. Qf2 Rd8 29. Re1 Qf6 30. c4 Qd6 31. Qe2 Qd4+ 32. Kh1 Qg7 33. Rd1 Rxd1+
34. Qxd1 Qf6 35. Qd2 Kg7 36. Kg2 Qf7 37. Qd4+ Qf6 38. Qd7+ Kh6 39. Qd2 Kg7 40.
h4 Qxh4 41. Qxf4 Qe7 42. Qd4+ Qf6 43. Qd7+ Qf7 44. Qd4+ 1/2-1/2

[Event "TCh-TUR Super League 2014"]
[Site "Kocaeli TUR"]
[Date "2014.08.20"]
[Round "3.3"]
[Board "2"]
[White "Esen, Baris"]
[Black "Duman, Aydin"]
[Result "1/2-1/2"]
[WhiteTitle "GM"]
[WhiteElo "2589"]
[BlackElo "2244"]
[WhiteTeam "Denizsu Aquamatch Satranc Genclik VE Spor Kulubu"]
[BlackTeam "Mersin Ezgi Satranc Kulubu"]
[WhiteFideId "6302114"]
[BlackFideId "6301304"]
[EventDate "2014.08.18"]

1. Nf3 Nf6 2. c4 g6 3. d4 Bg7 4. g3 O-O 5. Bg2 d6 6. O-O Nc6 7. Nc3 Rb8 8. Bf4
a6 9. Rc1 h6 10. Qd3 Ng4 11. Bd2 e5 12. d5 Nd4 13. h3 Nxf3+ 14. Qxf3 Nf6 15. e4
Nh7 16. Qe2 c5 17. Rb1 Bd7 18. b4 b6 19. Rb3 f5 20. exf5 gxf5 21. bxc5 bxc5 22.
Rfb1 Rxb3 23. Rxb3 Nf6 24. Kh2 Qc7 25. Qd1 Rb8 26. Qb1 Rxb3 27. axb3 Qb6 28. Bf1
Kf7 29. Bd3 e4 30. Be2 h5 31. f3 exf3 32. Bxf3 Qd8 33. Ne2 Qh8 34. Bg5 Ng4+ 35.
Kg2 Be5 36. Nf4 Bxf4 37. gxf4 Ne3+ 38. Kf2 Qc3 39. Ke2 Nc2 40. Bxh5+ Kg7 41. Qg1
Kh7 42. Bd8 Nd4+ 43. Kf2 Qc2+ 44. Kg3 Qxb3+ 45. Kh4 Nf3+ 46. Bxf3 Qxf3 1/2-1/2

[Event "TCh-TUR Super League 2014"]
[Site "Kocaeli TUR"]
[Date "2014.08.20"]
[Round "3.3"]
[Board "3"]
[White "Ataman, Alper Efe"]
[Black "Dzagnidze, Nana"]
[Result "1/2-1/2"]
[WhiteTitle "FM"]
[BlackTitle "GM"]
[WhiteElo "2141"]
[BlackElo "2550"]
[WhiteTeam "Mersin Ezgi Satranc Kulubu"]
[BlackTeam "Denizsu Aquamatch Satranc Genclik VE Spor Kulubu"]
[WhiteFideId "6301606"]
[BlackFideId "13601903"]
[EventDate "2014.08.18"]

1. d4 Nf6 2. c4 e6 3. Nf3 Bb4+ 4. Bd2 Qe7 5. g3 Nc6 6. Nc3 O-O 7. Bg2 Na5 8. b3
b6 9. O-O Bb7 10. Qc2 h6 11. Rad1 Bxc3 12. Bxc3 Be4 13. Qb2 Nb7 14. d5 d6 15.
Bxf6 Qxf6 16. Qxf6 gxf6 17. Nd4 Bxg2 18. Kxg2 Rfe8 19. e4 Nc5 20. Rfe1 a5 21. f3
Kf8 22. Re3 Ke7 23. Rd2 Kd7 24. Kf2 Reb8 25. Rb2 e5 26. Nf5 h5 27. a4 Rg8 28.
Rd2 Rg5 29. h4 Rg6 30. Kg2 Rag8 31. Kh3 Ne6 32. dxe6+ fxe6 33. Rg2 exf5 34. exf5
Rh6 35. Rd2 Rh7 36. Re4 Ke7 37. Re3 Kf7 38. Rh2 Rgh8 39. Rd2 Ke7 40. Red3 Kd7
41. Rd5 Rg7 42. Re2 Rhg8 43. Rg2 Kc6 44. Rg1 e4 45. f4 Rg4 46. Rg2 R4g7 47. Rd4
Re7 48. Re2 Rge8 49. Rd5 Kd7 50. Re3 c6 51. Rd4 d5 52. cxd5 c5 53. Rd2 Kd6 54.
Rd1 Rc7 55. g4 hxg4+ 56. Kxg4 c4 57. bxc4 Rxc4 58. h5 Rc2 59. Rd4 Rg8+ 60. Kh3
Rc1 61. Kh2 Rc2+ 62. Kh3 Rc1 63. Kh2 Rc2+ 1/2-1/2

[Event "TCh-TUR Super League 2014"]
[Site "Kocaeli TUR"]
[Date "2014.08.20"]
[Round "3.3"]
[Board "4"]
[White "Citak, Selim"]
[Black "Hajiyev, Shahin"]
[Result "1/2-1/2"]
[WhiteTitle "FM"]
[WhiteElo "2340"]
[BlackElo "2014"]
[WhiteTeam "Denizsu Aquamatch Satranc Genclik VE Spor Kulubu"]
[BlackTeam "Mersin Ezgi Satranc Kulubu"]
[WhiteFideId "6301819"]
[BlackFideId "13401238"]
[EventDate "2014.08.18"]

1. d4 d5 2. c4 c6 3. Nf3 Nf6 4. Nc3 e6 5. e3 Nbd7 6. Bd3 dxc4 7. Bxc4 b5 8. Bd3
Bb7 9. O-O a6 10. e4 c5 11. d5 Qc7 12. dxe6 fxe6 13. Bc2 c4 14. Ng5 Nc5 15. e5
Qxe5 16. Re1 Qd6 17. Qxd6 Bxd6 18. Be3 Bf8 19. Bc1 Bd6 20. Be3 O-O 21. Rad1 Be7
22. Bxc5 Bxc5 23. Nxe6 Rfc8 24. h3 Bb4 25. a3 Ba5 26. Nxg7 Bxg2 27. Nf5 Bf3 28.
Ne7+ Kf7 29. Nxc8 Rxc8 30. Rd4 Rg8+ 31. Kf1 Bc7 32. Be4 Nxe4 33. Nxe4 Bg2+ 34.
Ke2 Be5 35. Rd7+ Ke8 36. Nc5 Bxh3 37. Kd2 Bxd7 38. Rxe5+ Kf7 39. Rh5 Bc8 40.
Rxh7+ Kg6 41. Ra7 Rf8 42. Ke3 Re8+ 43. Kd4 Re2 44. Ra8 Bf5 45. Rxa6+ Kg5 46. a4
Rxb2 47. axb5 Rxb5 48. Kxc4 Rb2 49. Ra5 Kf4 50. Nd3+ Bxd3+ 51. Kxd3 Rxf2 52.
Ra4+ Ke5 1/2-1/2

[Event "TCh-TUR Super League 2014"]
[Site "Kocaeli TUR"]
[Date "2014.08.20"]
[Round "3.3"]
[Board "5"]
[White "Karamahmutoglu, Eser"]
[Black "Secer, Ata"]
[Result "1/2-1/2"]
[BlackTitle "FM"]
[WhiteElo "2012"]
[BlackElo "2319"]
[WhiteTeam "Mersin Ezgi Satranc Kulubu"]
[BlackTeam "Denizsu Aquamatch Satranc Genclik VE Spor Kulubu"]
[WhiteFideId "6303943"]
[BlackFideId "6303293"]
[EventDate "2014.08.18"]

1. e4 e5 2. Nf3 Nc6 3. Bb5 a6 4. Ba4 Nf6 5. O-O Be7 6. Re1 b5 7. Bb3 d6 8. c3
O-O 9. d3 Na5 10. Bc2 c5 11. Nbd2 Nc6 12. Nf1 Re8 13. h3 Bf8 14. g4 d5 15. Qe2
c4 16. Bg5 cxd3 17. Bxd3 Be7 18. Rad1 dxe4 19. Bxe4 Qc7 20. Bxc6 Qxc6 21. Nxe5
Qc7 22. Nf3 Be6 23. Nd4 Bc4 24. Qf3 Bd5 25. Qd3 Bc4 26. Qf3 Bd5 27. Qd3 Bc4 28.
Qd2 Bxf1 29. Rxf1 Ne4 30. Qf4 Bd6 31. Qc1 Qc5 32. Nf5 Bf8 33. Be3 Qc4 34. f3 Nc5
35. b3 Qe6 36. Bd4 Qc6 37. Qg5 Ne6 38. Nh6+ Kh8 39. Nxf7+ Kg8 40. Nh6+ Kh8 41.
Nf7+ Kg8 42. Nh6+ Kh8 1/2-1/2

[Event "TCh-TUR Super League 2014"]
[Site "Kocaeli TUR"]
[Date "2014.08.20"]
[Round "3.3"]
[Board "6"]
[White "Patel, Yesim"]
[Black "Oney, Gulumser"]
[Result "1-0"]
[WhiteTitle "WCM"]
[WhiteElo "1882"]
[BlackElo "1680"]
[WhiteTeam "Denizsu Aquamatch Satranc Genclik VE Spor Kulubu"]
[BlackTeam "Mersin Ezgi Satranc Kulubu"]
[WhiteFideId "6300200"]
[BlackFideId "6343082"]
[EventDate "2014.08.18"]

1. e4 e5 2. Nf3 Nc6 3. Bb5 a6 4. Ba4 Nf6 5. O-O b5 6. Bb3 Be7 7. Re1 O-O 8. h3
d6 9. c3 h6 10. d4 exd4 11. cxd4 Re8 12. Nc3 Bf8 13. a3 Bb7 14. Bf4 Rc8 15. Bc2
Ne7 16. b4 Ng6 17. Bh2 c5 18. bxc5 dxc5 19. d5 Qb6 20. e5 Nd7 21. h4 c4 22. h5
Ne7 23. Bb1 Nc5 24. d6 Nc6 25. Qc2 Nd3 26. d7 Bc5 27. dxe8=Q+ Rxe8 28. Rf1 Ne7
29. Qe2 Bxf3 30. Qxf3 Bd4 31. Bxd3 Bxc3 32. Bh7+ Kxh7 33. Qxc3 1-0

[Event "TCh-TUR Super League 2014"]
[Site "Kocaeli TUR"]
[Date "2014.08.20"]
[Round "3.3"]
[Board "7"]
[White "Iskandarov, Misratdin"]
[Black "Firat, Burak"]
[Result "1-0"]
[WhiteTitle "IM"]
[BlackTitle "IM"]
[WhiteElo "2397"]
[BlackElo "2456"]
[WhiteTeam "Mersin Ezgi Satranc Kulubu"]
[BlackTeam "Denizsu Aquamatch Satranc Genclik VE Spor Kulubu"]
[WhiteFideId "13400312"]
[BlackFideId "6305881"]
[EventDate "2014.08.18"]

1. e4 c5 2. Nf3 e6 3. b3 a6 4. Bb2 Nc6 5. c4 Qc7 6. Nc3 Nf6 7. Be2 Bd6 8. h3 b6
9. O-O Bb7 10. Re1 Nd4 11. Bd3 Nxf3+ 12. Qxf3 Be5 13. Nd5 Nxd5 14. Bxe5 Qxe5 15.
exd5 Qd6 16. Be4 f5 17. Bc2 O-O 18. Rad1 Rac8 19. d4 b5 20. dxc5 Qxc5 21. Bd3
exd5 22. cxb5 axb5 23. Re5 g6 24. Rde1 Qc6 25. Qf4 d4 26. f3 Qd6 27. Qh4 Rc1 28.
Rxb5 Rxe1+ 29. Qxe1 Bc6 30. Re5 Qa3 31. Re7 Rf7 32. Re8+ Rf8 33. Bc4+ d5 34.
Qe6+ Kg7 35. Re7+ Kh6 36. Qe1 Kg5 37. f4+ 1-0

[Event "TCh-TUR Super League 2014"]
[Site "Kocaeli TUR"]
[Date "2014.08.20"]
[Round "3.3"]
[Board "8"]
[White "Bulmaga, Irina"]
[Black "Ibrahimova, Sabina"]
[Result "0-1"]
[WhiteTitle "IM"]
[BlackTitle "WIM"]
[WhiteElo "2354"]
[BlackElo "2263"]
[WhiteTeam "Denizsu Aquamatch Satranc Genclik VE Spor Kulubu"]
[BlackTeam "Mersin Ezgi Satranc Kulubu"]
[WhiteFideId "13903063"]
[BlackFideId "13403893"]
[EventDate "2014.08.18"]

1. e4 c5 2. Nf3 Nc6 3. d4 cxd4 4. Nxd4 g6 5. c4 Bg7 6. Be3 Nf6 7. Nc3 O-O 8. Be2
d6 9. O-O Bd7 10. Rc1 Nxd4 11. Bxd4 Bc6 12. f3 Nd7 13. Be3 a5 14. b3 Nc5 15. Qd2
e6 16. Rfd1 Be5 17. Qe1 Qe7 18. Nb5 g5 19. Qd2 Bxb5 20. cxb5 h6 21. Bc4 b6 22.
h4 f5 23. hxg5 hxg5 24. Bxg5 Qh7 25. f4 Nxe4 26. Qe3 Nxg5 27. fxg5 Qh2+ 28. Kf2
Qh4+ 29. Ke2 Rae8 30. Rh1 Qg4+ 31. Qf3 Qxg5 32. Bd3 Rf7 33. Rc4 Rg7 34. Kf1 d5
35. Rch4 Qc1+ 36. Ke2 Qb2+ 37. Kf1 Rg3 38. Rh8+ Bxh8 39. Qxg3+ Bg7 40. Qg6 Re7
41. Rh3 Qf6 42. Qxf6 Bxf6 43. g4 f4 44. Rh6 Bd4 45. g5 f3 46. Rh3 e5 47. Bf5 e4
48. g6 e3 49. Rxf3 e2+ 50. Ke1 Bc5 51. Rf4 Be3 0-1

[Event "TCh-TUR Super League 2014"]
[Site "Kocaeli TUR"]
[Date "2014.08.20"]
[Round "3.3"]
[Board "9"]
[White "Duman, Necdet"]
[Black "Ozen, Deniz"]
[Result "0-1"]
[BlackTitle "FM"]
[WhiteElo "1623"]
[BlackElo "1996"]
[WhiteTeam "Mersin Ezgi Satranc Kulubu"]
[BlackTeam "Denizsu Aquamatch Satranc Genclik VE Spor Kulubu"]
[WhiteFideId "6321810"]
[BlackFideId "6349196"]
[EventDate "2014.08.18"]

1. e4 e5 2. Nf3 Nf6 3. d3 Nc6 4. c3 d5 5. Nbd2 Bc5 6. Be2 O-O 7. O-O a6 8. h3
Ba7 9. Re1 Be6 10. Bf1 Re8 11. a3 h6 12. b4 Qd7 13. Bb2 Rad8 14. c4 dxe4 15.
dxe4 Qe7 16. Qc2 Nd4 17. Nxd4 Bxd4 18. c5 Nh5 19. Nf3 Nf4 20. Bxd4 exd4 21. Qd2
Qf6 22. Qd1 d3 23. Kh2 d2 24. Nxd2 Nxg2 25. Kxg2 Qg5+ 26. Kh1 Rxd2 27. Qf3 Qh4
28. Kg1 Red8 29. Rad1 h5 30. Rxd2 Rxd2 31. Rd1 Bg4 32. hxg4 hxg4 33. Qxf7+ Kxf7
34. Rxd2 g3 35. f3 Qf4 36. Rd3 Kf6 37. a4 Kg5 38. Kg2 Qh4 39. f4+ Kxf4 40. Rxg3
Qxg3+ 0-1

[Event "TCh-TUR Super League 2014"]
[Site "Kocaeli TUR"]
[Date "2014.08.20"]
[Round "3.3"]
[Board "10"]
[White "Vatansever, Buse"]
[Black "Mutlu, Beste"]
[Result "1-0"]
[WhiteElo "1686"]
[BlackElo "1629"]
[WhiteTeam "Denizsu Aquamatch Satranc Genclik VE Spor Kulubu"]
[BlackTeam "Mersin Ezgi Satranc Kulubu"]
[WhiteFideId "6324746"]
[BlackFideId "6325050"]
[EventDate "2014.08.18"]

1. e4 d6 2. d4 Nf6 3. Bd3 e5 4. c3 Nbd7 5. Nf3 Be7 6. O-O O-O 7. Nbd2 Re8 8. Re1
c6 9. Nf1 Bf8 10. Ng3 g6 11. Qb3 Bg7 12. Bc4 Re7 13. Ng5 Qe8 14. Re2 h6 15. Nf3
b5 16. Bd3 Nb6 17. Nh4 Be6 18. Qc2 Nfd7 19. dxe5 Nxe5 20. b3 Nxd3 21. Qxd3 d5
22. e5 a5 23. f4 Bg4 24. Rf2 a4 25. Be3 Nd7 26. h3 Be6 27. Raf1 axb3 28. axb3
Qb8 29. f5 Nxe5 30. Qd2 gxf5 31. Ngxf5 Bxf5 32. Nxf5 Re6 33. Bxh6 Bxh6 34. Nxh6+
Kg7 35. Nxf7 Rg6 36. Qd4 Re6 37. Rf5 Qa7 38. Rxe5 Qxd4+ 39. cxd4 Rf6 40. Rxf6
Kxf6 41. Nh6 1-0

[Event "TCh-TUR Super League 2014"]
[Site "Kocaeli TUR"]
[Date "2014.08.20"]
[Round "3.4"]
[Board "1"]
[White "Harikrishna, Pentala"]
[Black "Cheparinov, Ivan"]
[Result "1/2-1/2"]
[WhiteTitle "GM"]
[BlackTitle "GM"]
[WhiteElo "2725"]
[BlackElo "2681"]
[WhiteTeam "Istanbul Teknik Universitesi Socar – K.N.I."]
[BlackTeam "Turk Hava Yollari Spor Kulubu"]
[WhiteFideId "5007003"]
[BlackFideId "2905540"]
[EventDate "2014.08.18"]

1. d4 Nf6 2. Nf3 g6 3. Bg5 Bg7 4. Nbd2 O-O 5. c3 d5 6. e3 Nbd7 7. Be2 Re8 8. O-O
e5 9. c4 exd4 10. Nxd4 Nc5 11. cxd5 Qxd5 12. Bf4 c6 13. Bf3 Qd8 14. Nc4 Ne6 15.
Nxe6 Bxe6 16. Qe2 Qe7 17. Rfd1 Bd5 18. h3 Rad8 19. Rac1 h6 20. Bxd5 Nxd5 21. Bg3
Rd7 22. Qc2 Red8 23. a3 Nb6 24. Rxd7 Rxd7 25. Nd2 Qf6 26. Rb1 Rd5 27. Nf3 Qe6
28. b3 Rd7 29. e4 Qe7 30. a4 Na8 31. Bf4 Nc7 32. Be3 a6 33. Bc5 Qd8 34. Bb6 Qe7
35. Bc5 Qd8 36. Bb6 Qe7 1/2-1/2

[Event "TCh-TUR Super League 2014"]
[Site "Kocaeli TUR"]
[Date "2014.08.20"]
[Round "3.4"]
[Board "2"]
[White "Heberla, Bartlomiej"]
[Black "Artemiev, Vladislav"]
[Result "0-1"]
[WhiteTitle "GM"]
[BlackTitle "GM"]
[WhiteElo "2574"]
[BlackElo "2650"]
[WhiteTeam "Turk Hava Yollari Spor Kulubu"]
[BlackTeam "Istanbul Teknik Universitesi Socar – K.N.I."]
[WhiteFideId "1115120"]
[BlackFideId "24101605"]
[EventDate "2014.08.18"]

1. c4 e5 2. g3 Nf6 3. Bg2 Bc5 4. Nc3 c6 5. Nf3 e4 6. Nh4 d5 7. cxd5 cxd5 8. d3
Bb4 9. dxe4 Nxe4 10. O-O Bxc3 11. bxc3 O-O 12. c4 Nc3 13. Qd2 d4 14. Bb2 Nc6 15.
e3 Bg4 16. h3 Be2 17. Rfc1 Bxc4 18. Rxc3 dxc3 19. Qxc3 Qf6 20. Qxf6 gxf6 21.
Bxf6 Rfe8 22. a4 Re6 23. Bc3 Rd8 24. Rb1 Rd3 25. Rc1 Bb3 26. Bf3 Bxa4 27. Bg4
Re8 28. Nf5 Rd5 29. Nh6+ Kf8 30. Bf3 Rg5 31. Ng4 Rf5 32. Kg2 Re6 33. e4 Rb5 34.
Nf6 Ne5 35. Be2 Rb3 36. Nxh7+ Kg8 37. Nf6+ Rxf6 38. Bxe5 Re6 39. f4 Rc6 40. Rd1
f6 41. Ba1 Rc2 42. Kf1 Re3 0-1

[Event "TCh-TUR Super League 2014"]
[Site "Kocaeli TUR"]
[Date "2014.08.20"]
[Round "3.4"]
[Board "3"]
[White "Can, Emre"]
[Black "Gagunashvili, Merab"]
[Result "1-0"]
[WhiteTitle "GM"]
[BlackTitle "GM"]
[WhiteElo "2529"]
[BlackElo "2573"]
[WhiteTeam "Istanbul Teknik Universitesi Socar – K.N.I."]
[BlackTeam "Turk Hava Yollari Spor Kulubu"]
[WhiteFideId "6302181"]
[BlackFideId "13601652"]
[EventDate "2014.08.18"]

1. d4 d5 2. Nf3 Nf6 3. c4 c6 4. Nc3 dxc4 5. a4 e6 6. Bg5 c5 7. e4 cxd4 8. Nxd4
Nbd7 9. Bxc4 Bc5 10. O-O O-O 11. Nf3 Qc7 12. Qe2 Ng4 13. Rac1 a6 14. Ba2 Qb8 15.
Kh1 b6 16. h3 Nge5 17. Nxe5 Nxe5 18. f4 Nc6 19. Qg4 Kh8 20. e5 Nd4 21. Ne4 Nf5
22. Bb1 h6 23. Nf6 Rd8 24. Bxf5 exf5 25. Qh5 Bb7 26. Bxh6 1-0

[Event "TCh-TUR Super League 2014"]
[Site "Kocaeli TUR"]
[Date "2014.08.20"]
[Round "3.4"]
[Board "4"]
[White "Kerigan, Demre"]
[Black "Gurevich, Mikhail"]
[Result "1-0"]
[WhiteTitle "FM"]
[BlackTitle "GM"]
[WhiteElo "2343"]
[BlackElo "2571"]
[WhiteTeam "Turk Hava Yollari Spor Kulubu"]
[BlackTeam "Istanbul Teknik Universitesi Socar – K.N.I."]
[WhiteFideId "6307841"]
[BlackFideId "200930"]
[EventDate "2014.08.18"]

1. e4 d6 2. d4 Nf6 3. Nc3 g6 4. Bg5 Bg7 5. f4 h6 6. Bxf6 Bxf6 7. e5 Bg7 8. Nf3
O-O 9. Bc4 c5 10. dxc5 dxe5 11. Qxd8 Rxd8 12. Nxe5 Bxe5 13. fxe5 Nc6 14. e6 Bxe6
15. Bxe6 fxe6 16. O-O Rd2 17. Rf2 Rad8 18. Re1 e5 19. a3 R8d4 20. Ne4 Rd1 21.
Rff1 Rxe1 22. Rxe1 Kf7 23. Kf2 Ke6 24. c3 Ra4 25. Ke3 Na5 26. Kd3 Nb3 27. Kc2
Na1+ 28. Kd3 Nb3 29. Re3 Kd5 30. c4+ Rxc4 31. Nc3+ Rxc3+ 32. Kxc3 Nxc5 33. Kc2
Ne4 34. Rd3+ Ke6 35. Rd8 h5 36. Rb8 Nd6 37. Kd3 a6 38. a4 Kf5 39. Rf8+ Ke6 40.
b4 Kd5 41. Rg8 e4+ 42. Kc3 e3 43. Rxg6 e2 44. Kd2 Kc4 45. g4 1-0

[Event "TCh-TUR Super League 2014"]
[Site "Kocaeli TUR"]
[Date "2014.08.20"]
[Round "3.4"]
[Board "5"]
[White "Sanal, Vahap"]
[Black "Genc, Cihan Sevinc"]
[Result "1-0"]
[WhiteTitle "IM"]
[WhiteElo "2473"]
[BlackElo "2213"]
[WhiteTeam "Istanbul Teknik Universitesi Socar – K.N.I."]
[BlackTeam "Turk Hava Yollari Spor Kulubu"]
[WhiteFideId "6300545"]
[BlackFideId "6304370"]
[EventDate "2014.08.18"]

1. e4 e6 2. d4 d5 3. Nc3 Bb4 4. e5 Ne7 5. a3 Bxc3+ 6. bxc3 c5 7. Qg4 O-O 8. Bd3
f5 9. Qg3 Qa5 10. Bd2 Qa4 11. Nf3 c4 12. Be2 Nbc6 13. h4 f4 14. Bxf4 Qxc2 15.
Rc1 Qg6 16. Qh2 Qf5 17. Be3 Bd7 18. h5 h6 19. Nh4 Qe4 20. Qg1 Nf5 21. Nxf5 Qxf5
22. g4 Qe4 23. Rh3 Na5 24. Bd1 Qd3 25. g5 hxg5 26. h6 Qf5 27. Rh5 gxh6 28. Bc2
Qf3 29. Rxg5+ Kf7 30. Rg3 1-0